banner-ar

رحلتان الى لبنان / (Record no. 54771)

MARC details
000 -الفاتح
حقل البيانات ثابتة الطول 01040nam a2200229Ia 4500
005 - وقت وتاريخ اخر تعامل مع التسجيلة
رقم الضبط 20240530105314.0
008 - عناصر البيانات ثابتة الطول - معلومات عامة
حقل البيانات ثابتة الطول 140319s9999 xx 000 0 ara d
040 ## - مصدر الفهرسة
وكالة الفهرسة الأصلية GCL /
وكالة النسخ GCL
082 04 - رقم تصنيف ديوى العشرى
رقم التصنيف 910.4/
رقم المادة ن ر
100 1# - المدخل الرئيسى - إسم شخصى
الإسم الشخصى النابلسى، عبدالغنى اسماعيل عبدالغنى بن احمد الحنفى الدمشقى النقشبندى
245 10 - بيان العنوان
العنوان رحلتان الى لبنان /
بيان المسئوليه,etc تاليف عبدالغنى بن اسماعيل النابلسى، رمضان بن موسى العطيفى ؛ تحقيق صلاح الدين المنجد، اسطفان فيلد
260 ## - PUBLICATION, DISTRIBUTION, ETC. (IMPRINT)
تاريخ النشر أو التوزيع 1979
300 ## - الوصف المادى
التعداد متعدد
490 #0 - بيان السلسلة
عنوان السلسلة نصوص ودراسات؛
رقم المجلد/ التعيين التسلسلي 21
650 04 - المدخل الاضافى بالموضوع-مصطلح موضوعى
مصطلح موضوعي الرحلات
650 04 - المدخل الاضافى بالموضوع-مصطلح موضوعى
مصطلح موضوعي لبنان - وصف ورحلات
700 0# - المدخل الاضافى - اسم شخصى
الإسم الشخصى رمضان بن موسى العطيفى
الدور مؤلف مشارك
700 0# - المدخل الاضافى - اسم شخصى
الإسم الشخصى صلاح الدين المنجد
الدور محقق
700 0# - المدخل الاضافى - اسم شخصى
الإسم الشخصى اسطفان فيلد
الدور محقق مشارك
942 ## - عناصر المدخل الإضافي( كوها)
مصدر التصنيف او مخطط الترفيف Dewey Decimal Classification
Koha [default] item type كتاب
260 ## - PUBLICATION, DISTRIBUTION, ETC. (IMPRINT)
-- بيروت :
-- فرانز شتاينر بفيسبادن ،
Holdings
حالة التراجع حالة الفقد حالة تلف ليس للاعارة المكان المؤقت الموقع الحالى تاريخ الاكتساب اجمالي اﻻعارات رقم الطلب الباركود تاريخ اخر مشاهدة تاريخ تفعيل السعر نوع وعاء كوها
        مكتبة القاهرة الكبرى مكتبة القاهرة الكبرى 03/26/2014   910.4\ن ر 131668 03/26/2014 03/26/2014 كتاب
        مكتبة القاهرة الكبرى مكتبة القاهرة الكبرى 03/26/2014   910.4\ن ر 131669 03/26/2014 03/26/2014 كتاب
        مكتبة القاهرة الكبرى مكتبة القاهرة الكبرى 03/26/2014   910.4\ن ر 131670 03/26/2014 03/26/2014 كتاب
        مكتبة القاهرة الكبرى مكتبة القاهرة الكبرى 03/26/2014   910.4\ن ر 131671 03/26/2014 03/26/2014 كتاب
        مكتبة القاهرة الكبرى مكتبة القاهرة الكبرى 03/26/2014   910.4\ن ر 131672 03/26/2014 03/26/2014 كتاب
        مكتبة القاهرة الكبرى مكتبة القاهرة الكبرى 03/26/2014   910.4\ن ر 131673 03/26/2014 03/26/2014 كتاب
        مكتبة القاهرة الكبرى مكتبة القاهرة الكبرى 03/26/2014   910.4\ن ر 131674 03/26/2014 03/26/2014 كتاب
        مكتبة القاهرة الكبرى مكتبة القاهرة الكبرى 03/26/2014   910.4\ن ر 131675 03/26/2014 03/26/2014 كتاب

Powered By

EGPV